LEADER 01683nam 2200373 450 001 996500660103316 005 20230217121641.0 035 $a(CKB)2550000001170101 035 $a(NjHacI)992550000001170101 035 $a(EXLCZ)992550000001170101 100 $a20230217d2013 uy 0 101 0 $aeng 135 $aur||||||||||| 181 $ctxt$2rdacontent 182 $cc$2rdamedia 183 $acr$2rdacarrier 200 00$aAfter the Break $eTelevision Theory Today /$fedited by Marijke de Valck, Jan Teurlings 210 1$aAmsterdam :$cAmsterdam University Press,$d2013. 215 $a1 online resource (202 pages) 225 1 $aTelevisual culture 330 $aTelevision is evolving rapidly. How, then, might we respond to television today in light of its past? And do the old theoretical concepts still apply, or must we invent a new framework for this mutable medium? To answer these fundamental questions, the contributors to this provocative collection examine diverse case studies, including up-to-date scholarship on the current television zeitgeist, nostalgic programming on broadcast television, YouTube, and public television art programming of the 1980s. As a whole, these essays challenge the supposed crisis in television in the light of its burgeoning development. 410 0$aTelevisual culture. 517 $aAfter the Break 606 $aTelevision broadcasting 615 0$aTelevision broadcasting. 676 $a384.55 702 $ade Valck$b Marijke 702 $aTeurlings$b Jan 801 0$bNjHacI 801 1$bNjHacl 906 $aBOOK 912 $a996500660103316 996 $aAfter the Break$91803267 997 $aUNISA LEADER 02494nam2 22004933i 450 001 RML0415848 005 20231121125802.0 100 $a20170908d1976 ||||0itac50 ba 101 | $ager$alat 102 $ade 181 1$6z01$ai $bxxxe 182 1$6z01$an 200 1 $a˜1. œDe providentia$ade constantia sapientis$ade ira$aad Marciam de consolatione$fL. Annaeus Seneca$gÜbersetzt, eingeleitet und mit Anmerkungen versehen von Manfred Rosenbach. 210 $aDarmstadt$cWissenschaftliche Buchgesellschaft$d1976 215 $aXVII, 407 p.$d20 cm. 423 0$12001 $aDe ira 423 0$12001 $aAd Marciam de consolatione 423 0$12001 $aDe constantia sapientis$fL. Annaeus Seneca$1700 1$aSeneca$b, Lucius Annaeus$c <4 a.C.-65>$3CFIV011797$4070 461 1$1001UBO0979035$12001 $aPhilosophische Schriften$fL. Annaeus Seneca$gLateinischer Text von Francois Prechac$gHerausgegeben von Manfred Rosenbach$v1 510 1 $aUber die Vorsehung$aUber die Standhaftigkeit des Weisen$aUber den Zorn$aTrostschrift an Maicia$9PUV0262960 700 1$aSeneca$b, Lucius Annaeus$c <4 a.C.-65>$3CFIV011797$4070$07130 702 1$aBourgery$b, Abel$3NAPV071401$4730 702 1$aRosenbach$b, Manfred$3SBLV296724 702 1$aWaltz$b, René$3TO0V037924$4730 790 1$aSeneca$b, L. Annaeus$3CFIV125990$zSeneca, Lucius Annaeus <4 a.C.-65> 790 0$aSeneca$3CFIV159431$zSeneca, Lucius Annaeus <4 a.C.-65> 790 1$aSeneca$b, L. Anneo$3CFIV163206$zSeneca, Lucius Annaeus <4 a.C.-65> 790 1$aSeneka$b, Liucijus Anëjus$3CFIV218114$zSeneca, Lucius Annaeus <4 a.C.-65> 790 0$aPseudo-Seneca$3CFIV283387$zSeneca, Lucius Annaeus <4 a.C.-65> 790 0$aSeneca$c $3CFIV283388$zSeneca, Lucius Annaeus <4 a.C.-65> 790 1$aSeneca$b, Anneo$3MESV000892$zSeneca, Lucius Annaeus <4 a.C.-65> 790 1$aSeneca$b, Lucio Anneo$3SBNV036240$zSeneca, Lucius Annaeus <4 a.C.-65> 790 1$aBourgery$b, A.$3CFIV345640$zBourgery, Abel 801 3$aIT$bIT-01$c20170908 850 $aIT-FR0017 899 $aBiblioteca umanistica Giorgio Aprea$bFR0017 $eN 912 $aRML0415848 950 2$aBiblioteca umanistica Giorgio Aprea$d 52S.SIJ. LL1 Sen.Dial.Ros.1$e 52DUP0009008315 VMB RS $fA $h20170908$i20170908 977 $a 52 996 $aDialogorum libri$922986 996 $aAd Marciam de consolatione$918235 996 $aDe ira$918231 996 $aDe providentia$919598 997 $aUNICAS